[Event "St Petersburg Korchnoi Memorial op"]
[Site "St Petersburg"]
[Date "2023.08.22"]
[Round "7"]
[White "Zagrebina, Marina"]
[Black "Shchetkin, Kirill"]
[Result "1-0"]
[WhiteElo "1420"]
[BlackElo "1733"]
[PlyCount "27"]
[EventDate "2023.08.18"]
[EventType "swiss"]
[EventRounds "9"]
[EventCountry "RUS"]
[SourceTitle "EXT 2024"]
[Source "ChessBase"]
[SourceDate "2023.10.10"]
[SourceVersion "1"]
[SourceVersionDate "2023.10.10"]
[SourceQuality "1"]

1. d4 Nf6 2. c4 e6 3. Nf3 b6 4. g3 Bb7 5. Bg2 Be7 6. 0-0 0-0 7. Nbd2 d6 8. Qc2 Nbd7 9. e4 e5 10. b3 Re8 11. Bb2 Bc8 12. d5 a5 13. Nb1 Nc5 14. Nfd2 1-0

[Event "St Petersburg Korchnoi Memorial op"]
[Site "St Petersburg"]
[Date "2023.08.21"]
[Round "6"]
[White "Lezin, Aleksandr"]
[Black "Shchetkin, Kirill"]
[Result "1-0"]
[WhiteElo "1414"]
[BlackElo "1733"]
[PlyCount "29"]
[EventDate "2023.08.18"]
[EventType "swiss"]
[EventRounds "9"]
[EventCountry "RUS"]
[SourceTitle "EXT 2024"]
[Source "ChessBase"]
[SourceDate "2023.10.10"]
[SourceVersion "1"]
[SourceVersionDate "2023.10.10"]
[SourceQuality "1"]

1. e4 c5 2. Nf3 e6 3. c3 d5 4. exd5 Qxd5 5. d4 Nc6 6. Na3 cxd4 7. cxd4 Bxa3 8. bxa3 Nge7 9. Bd3 Nf5 10. 0-0 0-0 11. Re1 Nfxd4 12. Nxd4 Nxd4 13. Rb1 Rd8 14. Rb3 Bd7 15. Bb2 1-0

[Event "St Petersburg Korchnoi Memorial op"]
[Site "St Petersburg"]
[Date "2023.08.19"]
[Round "2"]
[White "Nagalevskiy, Bogdan"]
[Black "Shchetkin, Kirill"]
[Result "1/2-1/2"]
[WhiteElo "1382"]
[BlackElo "1733"]
[PlyCount "94"]
[EventDate "2023.08.18"]
[EventType "swiss"]
[EventRounds "9"]
[EventCountry "RUS"]
[SourceTitle "EXT 2024"]
[Source "ChessBase"]
[SourceDate "2023.10.10"]
[SourceVersion "1"]
[SourceVersionDate "2023.10.10"]
[SourceQuality "1"]

1. d4 Nf6 2. c4 g6 3. Nc3 d5 4. cxd5 Nxd5 5. e4 Nxc3 6. bxc3 Bg7 7. Nf3 0-0 8. Be3 c5 9. Be2 Qa5 10. Qd2 Nc6 11. Rc1 cxd4 12. cxd4 Qxd2+ 13. Kxd2 Rd8 14. Rc4 e5 15. d5 f5 16. Bg5 Rd6 17. Bd3 fxe4 18. Bxe4 Be6 19. Rc5 Nb4 20. Be7 Rd7 21. d6 Re8 22. Ke3 b6 23. Rxe5 Bxe5 24. Nxe5 Rdxe7 25. dxe7 Rxe7 26. a3 Nd5+ 27. Kd4 Nc7 28. Bc6 Kg7 29. Re1 Bg8 30. Nf3 Ne6+ 31. Kd5 Nd8+ 32. Kd6 Rf7 33. Be4 a6 34. Rc1 Rf4 35. Ke5 Rf6 36. Rc7+ Nf7+ 37. Kd4 Rd6+ 38. Kc3 Kf6 39. Rc6 Rxc6+ 40. Bxc6 Ne5 41. Bb7 a5 42. Kd4 Ng4 43. Bd5 Bxd5 44. Kxd5 b5 45. Kc5 b4 46. axb4 axb4 47. Kxb4 Kf5 1/2-1/2

[Event "St Petersburg Korchnoi Memorial op"]
[Site "St Petersburg"]
[Date "2023.08.18"]
[Round "1"]
[White "Shchetkin, Kirill"]
[Black "Komov, Roman"]
[Result "0-1"]
[WhiteElo "1733"]
[BlackElo "2301"]
[PlyCount "38"]
[EventDate "2023.08.18"]
[EventType "swiss"]
[EventRounds "9"]
[EventCountry "RUS"]
[SourceTitle "EXT 2024"]
[Source "ChessBase"]
[SourceDate "2023.10.10"]
[SourceVersion "1"]
[SourceVersionDate "2023.10.10"]
[SourceQuality "1"]

1. e4 c6 2. d4 g6 3. c4 Bg7 4. Nc3 d6 5. Nf3 Nf6 6. Be2 0-0 7. 0-0 Nbd7 8. e5 Ne8 9. Bf4 dxe5 10. dxe5 Nc7 11. Qd2 Ne6 12. Bg3 Nxe5 13. Qxd8 Nxf3+ 14. Bxf3 Rxd8 15. Rad1 Nd4 16. Be4 Be6 17. b3 Nxb3 18. Nd5 cxd5 19. cxd5 Nc5 0-1

[Event "Somov Memorial 15th"]
[Site "Kirishi"]
[Date "2017.05.28"]
[Round "11"]
[White "Nikitenko, Mihail"]
[Black "Shchetkin, Kirill"]
[Result "1-0"]
[WhiteElo "2408"]
[BlackElo "1594"]
[PlyCount "63"]
[EventDate "2017.05.17"]
[EventType "tourn"]
[EventRounds "11"]
[EventCountry "RUS"]
[EventCategory "3"]
[SourceTitle "CBM 178 Extra"]
[Source "ChessBase"]
[SourceDate "2017.06.22"]
[SourceVersion "1"]
[SourceVersionDate "2017.06.22"]
[SourceQuality "1"]

1. e4 e5 2. Nf3 Nc6 3. Bb5 a6 4. Ba4 Nf6 5. d3 b5 6. Bb3 Be7 7. 0-0 d6 8. c3 0-0 9. Nbd2 Na5 10. Bc2 c5 11. Re1 Nc6 12. Nf1 b4 13. h3 h6 14. Ng3 Bd7 15. d4 bxc3 16. bxc3 cxd4 17. cxd4 Rc8 18. Be3 exd4 19. Nxd4 Nxd4 20. Bxd4 Re8 21. Ba4 Bf8 22. Qd3 g6 23. Bb3 Bg7 24. Qxa6 Nxe4 25. Nxe4 Bxd4 26. Rad1 Be5 27. Nxd6 Bxd6 28. Qxd6 Rxe1+ 29. Rxe1 Be8 30. Qxg6+ Kf8 31. Qxh6+ Kg8 32. Re5 1-0

[Event "Somov Memorial 15th"]
[Site "Kirishi"]
[Date "2017.05.26"]
[Round "9"]
[White "Lobanov, Sergei"]
[Black "Shchetkin, Kirill"]
[Result "1-0"]
[WhiteElo "2429"]
[BlackElo "1594"]
[PlyCount "65"]
[EventDate "2017.05.17"]
[EventType "tourn"]
[EventRounds "11"]
[EventCountry "RUS"]
[EventCategory "3"]
[SourceTitle "CBM 178 Extra"]
[Source "ChessBase"]
[SourceDate "2017.06.22"]
[SourceVersion "1"]
[SourceVersionDate "2017.06.22"]
[SourceQuality "1"]

1. Nf3 Nf6 2. g3 g6 3. Bg2 Bg7 4. 0-0 0-0 5. c4 c5 6. d4 d6 7. dxc5 dxc5 8. Ne5 Nbd7 9. Nd3 Ne8 10. Nc3 Nd6 11. Qb3 Qc7 12. Nd5 Qd8 13. Bg5 f6 14. Be3 Rb8 15. Nxc5 Nxc5 16. Bxc5 b6 17. Rfd1 Be6 18. Nxe7+ Qxe7 19. Bxd6 Qf7 20. Bd5 Bxd5 21. Rxd5 Rbd8 22. Bxf8 Rxf8 23. Rad1 Kh8 24. Rd7 Qe6 25. e3 Rg8 26. Rxa7 f5 27. Rdd7 Qe8 28. Rxg7 Rxg7 29. Qc3 Qf8 30. a4 Kg8 31. Rxg7+ Qxg7 32. Qxg7+ Kxg7 33. b4 1-0

[Event "Somov Memorial 15th"]
[Site "Kirishi"]
[Date "2017.05.25"]
[Round "8"]
[White "Shchetkin, Kirill"]
[Black "Giannoulakis, Labros"]
[Result "0-1"]
[WhiteElo "1594"]
[BlackElo "2330"]
[PlyCount "84"]
[EventDate "2017.05.17"]
[EventType "tourn"]
[EventRounds "11"]
[EventCountry "RUS"]
[EventCategory "3"]
[SourceTitle "CBM 178 Extra"]
[Source "ChessBase"]
[SourceDate "2017.06.22"]
[SourceVersion "1"]
[SourceVersionDate "2017.06.22"]
[SourceQuality "1"]

1. e4 c5 2. Nf3 d6 3. d4 cxd4 4. Nxd4 Nf6 5. Nc3 a6 6. Be3 e5 7. Nb3 Be6 8. f3 Be7 9. Qd2 h5 10. 0-0-0 Nbd7 11. Nd5 Nxd5 12. exd5 Bf5 13. Bd3 Bxd3 14. Qxd3 Rc8 15. Kb1 Qc7 16. Rd2 0-0 17. g4 hxg4 18. fxg4 Qc4 19. g5 Qxd3 20. Rxd3 f5 21. gxf6 Nxf6 22. Bg5 Bd8 23. Bxf6 Rxf6 24. Rd2 Rc4 25. Re2 Rff4 26. Rd1 b5 27. c3 Rg4 28. a3 Rcf4 29. Kc2 Kf7 30. Nd2 Kg6 31. Nf1 Bb6 32. Nd2 Kf5 33. Rf1 g5 34. b3 Rxf1 35. Nxf1 e4 36. c4 bxc4 37. bxc4 Kf4 38. Nd2 e3 39. Nb1 Kf3 40. Re1 Kf2 41. Rc1 Rxc4+ 42. Nc3 Ba5 0-1

[Event "Somov Memorial 15th"]
[Site "Kirishi"]
[Date "2017.05.21"]
[Round "5"]
[White "Zarubitski, Viachaslau"]
[Black "Shchetkin, Kirill"]
[Result "1-0"]
[WhiteElo "2325"]
[BlackElo "1594"]
[PlyCount "73"]
[EventDate "2017.05.17"]
[EventType "tourn"]
[EventRounds "11"]
[EventCountry "RUS"]
[EventCategory "3"]
[SourceTitle "CBM 178 Extra"]
[Source "ChessBase"]
[SourceDate "2017.06.22"]
[SourceVersion "1"]
[SourceVersionDate "2017.06.22"]
[SourceQuality "1"]

1. c4 c5 2. Nc3 Nc6 3. Nf3 Nf6 4. d4 cxd4 5. Nxd4 g6 6. e4 d6 7. Be2 Bg7 8. Be3 Bd7 9. 0-0 0-0 10. Qd2 Rc8 11. f3 Ne5 12. b3 a6 13. Rac1 h5 14. h3 Nc6 15. Rfd1 Qc7 16. Nd5 Qd8 17. Nc3 Qc7 18. Re1 Qd8 19. Bf1 Nh7 20. Nd5 Nf6 21. Kh1 Nxd5 22. exd5 Nxd4 23. Bxd4 Re8 24. Rc3 Kh7 25. Bxg7 Kxg7 26. Rce3 e6 27. dxe6 Rxe6 28. Rxe6 Bxe6 29. Qd4+ Kf8 30. Bd3 Kg8 31. Bxg6 Qa5 32. Re2 Bxc4 33. bxc4 Qg5 34. Bd3 b5 35. f4 Qg3 36. Re3 Qh4 37. Qe4 1-0

[Event "Somov Memorial 15th"]
[Site "Kirishi"]
[Date "2017.05.20"]
[Round "4"]
[White "Shchetkin, Kirill"]
[Black "Sargsyan, Shant"]
[Result "0-1"]
[WhiteElo "1594"]
[BlackElo "2409"]
[PlyCount "86"]
[EventDate "2017.05.17"]
[EventType "tourn"]
[EventRounds "11"]
[EventCountry "RUS"]
[EventCategory "3"]
[SourceTitle "CBM 178 Extra"]
[Source "ChessBase"]
[SourceDate "2017.06.22"]
[SourceVersion "1"]
[SourceVersionDate "2017.06.22"]
[SourceQuality "1"]

1. e4 c5 2. Nf3 a6 3. d4 cxd4 4. Nxd4 Nf6 5. Nc3 e5 6. Nb3 Bb4 7. Bd3 0-0 8. 0-0 Bxc3 9. bxc3 d6 10. Kh1 Nc6 11. Bg5 h6 12. Bh4 g5 13. Bg3 Be6 14. Qd2 Qe7 15. f3 Nh5 16. Bf2 Nf4 17. Be3 Kh7 18. Rad1 Rad8 19. g3 Nxd3 20. cxd3 f5 21. d4 Bc4 22. Rg1 fxe4 23. fxe4 exd4 24. Bxd4 Qxe4+ 25. Qg2 Bd5 26. Bb6 Qxg2+ 27. Rxg2 Bxg2+ 28. Kxg2 Rde8 29. Rxd6 Re2+ 30. Kg1 Ne5 31. Nd4 Rxa2 32. Re6 Ng4 33. Re7+ Kg6 34. Re6+ Rf6 35. Rxf6+ Kxf6 36. Nf3 Kf5 37. Bd4 Ke4 38. Ne1 Nxh2 39. Ng2 Nf3+ 40. Kf1 Nxd4 41. cxd4 Rxg2 42. Kxg2 a5 43. d5 Kxd5 0-1